| 000 | 00782nam a2200265Ia 4500 | ||
|---|---|---|---|
| 003 | OSt | ||
| 005 | 20220924125744.0 | ||
| 006 | a|||||r|||| 00| 0 | ||
| 007 | ta | ||
| 008 | 220923b |||||||| |||| 00| 0 per d | ||
| 020 | _a9786004901062 (hbk) | ||
| 020 | _cINR 550.00 | ||
| 024 | _a353798 | ||
| 037 |
_b2362, 12/02/2020, M.R. Publications _cTextual |
||
| 040 |
_aARTS _cARTS _bper |
||
| 041 |
_2per _aper |
||
| 082 | _aO164,1:g, R0 | ||
| 100 |
_aRaheemi Mustafa Au. _9198840 |
||
| 245 | 0 | _aHafiz-e-andesha | |
| 260 |
_aTehran _bFarhang-e-nashr-e-nau Iran _c2020 |
||
| 300 |
_a317p. _ccm. |
||
| 650 | _aPERSIAN POETRY | ||
| 942 |
_hO164,1:g, R0 _cTEXL _2CC |
||
| 999 |
_c423289 _d423289 |
||